[Event "Lvov Ukrainian Chess Warriors"]
[Site "Lvov"]
[Date "2024.03.15"]
[Round "8"]
[White "Smolkin, Alexander"]
[Black "Alexikov, Alexander"]
[Result "1-0"]
[WhiteElo "1957"]
[BlackElo "2183"]
[PlyCount "57"]
[EventDate "2024.03.15"]
[EventType "swiss (rapid)"]
[EventRounds "8"]
[EventCountry "UKR"]
[SourceTitle "CB12_2024"]
[SourceDate "2023.10.01"]
[SourceVersion "1"]
[SourceVersionDate "2023.10.01"]
[SourceQuality "1"]

1. e4 c5 2. c4 Nc6 3. Nc3 g6 4. g3 Bg7 5. Bg2 e6 6. Nge2 Nge7 7. d3 a6 8. Be3 Nd4 9. Qd2 0-0 10. h4 h5 11. g4 hxg4 12. h5 f5 13. Bg5 Qe8 14. Nf4 e5 15. Bxe7 exf4 16. Bxf8 f3 17. Bf1 Kxf8 18. h6 Bh8 19. h7 d6 20. 0-0-0 Kf7 21. Nd5 b5 22. Re1 Be6 23. Nc7 Qc8 24. Nxa8 Qxa8 25. Qf4 Qc6 26. exf5 Bxf5 27. Qg5 Qb7 28. Qd8 Qc8 29. Qe7# 1-0

[Event "EU-ch rapid"]
[Site "Katowice"]
[Date "2017.12.17"]
[Round "10"]
[White "Fistek, Dariusz"]
[Black "Smolkin, Alexander"]
[Result "1-0"]
[WhiteElo "2218"]
[BlackElo "1999"]
[PlyCount "79"]
[EventDate "2017.12.16"]
[EventType "swiss (rapid)"]
[EventRounds "11"]
[EventCountry "POL"]
[SourceTitle "CBM 182 Extra"]
[Source "ChessBase"]
[SourceDate "2018.02.23"]
[SourceVersion "1"]
[SourceVersionDate "2018.02.23"]
[SourceQuality "1"]

1. d4 Nf6 2. c4 g6 3. Nc3 Bg7 4. g3 d6 5. Bg2 0-0 6. Nf3 Nc6 7. 0-0 e5 8. d5 Ne7 9. c5 a6 10. cxd6 cxd6 11. Qb3 Nd7 12. Nd2 Nc5 13. Qa3 a5 14. Nc4 Ra6 15. Nb5 Qd7 16. Nbxd6 Rxd6 17. Qxc5 Ra6 18. d6 Nf5 19. Rd1 Nd4 20. e3 Ne6 21. Qd5 f6 22. Nxa5 Rd8 23. Nxb7 Bxb7 24. Qxb7 Rxd6 25. Qxd7 Rxd1+ 26. Qxd1 Rxd1+ 27. Bf1 f5 28. Kg2 Nc5 29. Be2 Re1 30. Bc4+ Kf8 31. b4 Na4 32. Bb2 Nxb2 33. Rxe1 Nxc4 34. Rc1 Nb6 35. Rc6 Nd5 36. b5 Ke7 37. b6 Nb4 38. Rc7+ Kf6 39. b7 Na6 40. Rc6+ 1-0

[Event "Lvov Euro op 1st"]
[Site "Lvov"]
[Date "2012.06.02"]
[Round "9"]
[White "Smolkin, Alexander"]
[Black "Nayhebaver, Martin"]
[Result "0-1"]
[WhiteElo "1981"]
[BlackElo "2141"]
[PlyCount "82"]
[EventDate "2012.05.28"]
[EventType "swiss"]
[EventRounds "9"]
[EventCountry "UKR"]
[SourceTitle "CBM 148 Extra"]
[Source "ChessBase"]
[SourceDate "2012.06.22"]
[SourceVersion "1"]
[SourceVersionDate "2012.06.22"]
[SourceQuality "1"]

1. e4 c5 2. c4 Nc6 3. Nc3 Nf6 4. g3 e6 5. Bg2 d5 6. d3 dxc4 7. dxc4 Qxd1+ 8. Nxd1 Nb4 9. Ne3 Nd3+ 10. Ke2 Nxc1+ 11. Rxc1 Be7 12. f4 0-0 13. g4 Rb8 14. e5 Nd7 15. Nf3 b5 16. Nd2 g5 17. cxb5 gxf4 18. Nec4 f6 19. exf6 Nxf6 20. Bc6 Nd5 21. h4 a6 22. bxa6 Bxa6 23. Bd7 Nc7 24. b3 Bb7 25. Rh3 Rbd8 26. Ba4 Nd5 27. g5 f3+ 28. Kf1 Ne3+ 29. Kf2 Nxc4 30. Nxc4 e5 31. Rc2 e4 32. Rg3 Bd6 33. Rg1 Bf4 34. Re1 Rd3 35. Ne3 Rfd8 36. Bb5 Rd2+ 37. Rxd2 Rxd2+ 38. Kf1 Bc8 39. Bc4+ Kf8 40. Nd1 Bh3+ 41. Kg1 e3 0-1

[Event "Lvov Euro op 1st"]
[Site "Lvov"]
[Date "2012.05.31"]
[Round "6"]
[White "Golubka, Petr"]
[Black "Smolkin, Alexander"]
[Result "1-0"]
[WhiteElo "2402"]
[BlackElo "1981"]
[PlyCount "77"]
[EventDate "2012.05.28"]
[EventType "swiss"]
[EventRounds "9"]
[EventCountry "UKR"]
[SourceTitle "CBM 148 Extra"]
[Source "ChessBase"]
[SourceDate "2012.06.22"]
[SourceVersion "1"]
[SourceVersionDate "2012.06.22"]
[SourceQuality "1"]

1. c4 e6 2. Nf3 Nf6 3. g3 d5 4. Bg2 b6 5. cxd5 exd5 6. 0-0 Bd6 7. d4 Qe7 8. Nc3 c6 9. Bg5 h6 10. Bxf6 Qxf6 11. e4 dxe4 12. Nxe4 Qd8 13. Nxd6+ Qxd6 14. Re1+ Be6 15. d5 cxd5 16. Nd4 Nd7 17. Nf5 Qb4 18. Nxg7+ Ke7 19. Bxd5 Nc5 20. Nxe6 fxe6 21. Bxa8 Rxa8 22. Qe2 Rf8 23. a3 Qb3 24. Rad1 Rf6 25. Rd2 Rf3 26. Red1 Rf5 27. Qg4 Rf7 28. Qh4+ Rf6 29. h3 a5 30. Qg4 Rf7 31. h4 a4 32. h5 Qb5 33. Qg6 Qc6 34. Qxh6 Qf3 35. Qg5+ Rf6 36. h6 Qe4 37. Rd8 Qc2 38. Qxc5+ bxc5 39. R1d7# 1-0

[Event "Lvov Euro op 1st"]
[Site "Lvov"]
[Date "2012.05.28"]
[Round "1"]
[White "Buturin, Vladimir"]
[Black "Smolkin, Alexander"]
[Result "0-1"]
[WhiteElo "2274"]
[BlackElo "1981"]
[PlyCount "96"]
[EventDate "2012.05.28"]
[EventType "swiss"]
[EventRounds "9"]
[EventCountry "UKR"]
[SourceTitle "CBM 148 Extra"]
[Source "ChessBase"]
[SourceDate "2012.06.22"]
[SourceVersion "1"]
[SourceVersionDate "2012.06.22"]
[SourceQuality "1"]

1. g3 g6 2. Bg2 Bg7 3. c4 d6 4. d4 Nf6 5. Nc3 0-0 6. e4 Nc6 7. d5 Nb8 8. Nf3 Bg4 9. h3 Bd7 10. 0-0 c5 11. e5 Ne8 12. e6 fxe6 13. dxe6 Bc8 14. Ng5 Nc7 15. Qg4 Nc6 16. Nd5 Ne5 17. Qh4 h6 18. Nf7 Nxf7 19. Nxe7+ Kh7 20. exf7 Rxf7 21. Nxg6 Bf5 22. Qxd8 Rxd8 23. Nf4 b5 24. cxb5 d5 25. a4 c4 26. Rd1 Rfd7 27. Bf1 Bc2 28. Rd2 Bb3 29. Ra3 Re8 30. Rxb3 cxb3 31. Rd3 Re1 32. Be3 d4 33. Bd2 Ra1 34. a5 Nxb5 35. Rxb3 Nd6 36. Kg2 Rb7 37. Bd3+ Kg8 38. Rxb7 Nxb7 39. Bc4+ Kh7 40. b4 Rd1 41. Bd3+ Kg8 42. Bc4+ Kh7 43. Bd3+ Kg8 44. Bc4+ Kh8 45. Bd5 Nd6 46. b5 Rxd2 47. b6 axb6 48. a6 Nc8 0-1

[Event "Lvov Lion Cup"]
[Site "Lvov"]
[Date "2011.09.04"]
[Round "9"]
[White "Buksa, Nataliya"]
[Black "Smolkin, Alexander"]
[Result "1-0"]
[WhiteElo "2037"]
[BlackElo "1965"]
[PlyCount "102"]
[EventDate "2011.08.31"]
[EventType "swiss"]
[EventRounds "9"]
[EventCountry "UKR"]
[SourceTitle "CBM 144 Extra"]
[Source "ChessBase"]
[SourceDate "2011.10.28"]
[SourceVersion "1"]
[SourceVersionDate "2011.10.28"]
[SourceQuality "1"]

1. e4 e6 2. d4 d5 3. exd5 exd5 4. Bd3 Bd6 5. Ne2 Nf6 6. 0-0 0-0 7. Nd2 Re8 8. Re1 Ne4 9. Nf1 Nc6 10. f3 Nf6 11. c3 Ne7 12. Nfg3 c5 13. Bg5 Ng6 14. Nh5 Be7 15. Nxf6+ Bxf6 16. Bxf6 Qxf6 17. dxc5 Nh4 18. Nd4 Bh3 19. Bf1 Qg5 20. Qc2 Bd7 21. Qf2 a6 22. b4 Ng6 23. Rad1 h5 24. Rxe8+ Rxe8 25. Re1 Rxe1 26. Qxe1 h4 27. Kf2 Qf6 28. Qe3 Ne5 29. Kg1 g5 30. g3 Qg7 31. Kf2 f6 32. gxh4 Qh6 33. Kg1 Qxh4 34. Bd3 Qh3 35. Bf1 Qh7 36. Qe1 Kf7 37. Qd1 Qh5 38. Bg2 Ng6 39. Ne2 Be6 40. Qd4 Nh4 41. Qf2 Qh7 42. Nd4 Bd7 43. Bf1 Qb1 44. f4 Qc1 45. fxg5 Qxg5+ 46. Qg3 Qh6 47. c4 f5 48. Qe5 Qd2 49. Qxd5+ Kg6 50. Qd6+ Kh5 51. Be2+ Kg5 1-0

[Event "Lvov Lion Cup"]
[Site "Lvov"]
[Date "2011.09.03"]
[Round "8"]
[White "Smolkin, Alexander"]
[Black "Salevich, Volodimir"]
[Result "1-0"]
[WhiteElo "1965"]
[BlackElo "2064"]
[PlyCount "61"]
[EventDate "2011.08.31"]
[EventType "swiss"]
[EventRounds "9"]
[EventCountry "UKR"]
[SourceTitle "CBM 144 Extra"]
[Source "ChessBase"]
[SourceDate "2011.10.28"]
[SourceVersion "1"]
[SourceVersionDate "2011.10.28"]
[SourceQuality "1"]

1. e4 c5 2. c4 e6 3. Nc3 Nc6 4. g3 Nge7 5. Bg2 Nd4 6. Nge2 Nec6 7. 0-0 e5 8. Rb1 a6 9. a3 b5 10. d3 Rb8 11. Nxd4 Nxd4 12. Nd5 Be7 13. f4 d6 14. fxe5 dxe5 15. Qh5 0-0 16. Qxe5 Be6 17. Qh5 Qd7 18. Bf4 Rb7 19. b3 Bd8 20. h3 f6 21. Kh2 Bf7 22. Qd1 Be7 23. e5 f5 24. Be3 Rbb8 25. Bxd4 cxd4 26. Rxf5 Bxa3 27. Rg5 Be7 28. Qg4 Be6 29. Rxg7+ Kh8 30. Rxh7+ Kxh7 31. Be4+ 1-0

[Event "UKR-ch sf U20"]
[Site "Lvov"]
[Date "2008.12.05"]
[Round "4"]
[White "Kruglyakov, Pavlo"]
[Black "Smolkin, Alexander"]
[Result "1-0"]
[WhiteElo "2315"]
[BlackElo "1968"]
[PlyCount "87"]
[EventDate "2008.12.02"]
[EventType "swiss"]
[EventRounds "9"]
[EventCountry "UKR"]
[SourceTitle "EXT 2010"]
[Source "ChessBase"]
[SourceDate "2010.11.25"]
[SourceVersion "1"]
[SourceVersionDate "2010.11.25"]
[SourceQuality "1"]

1. e4 e6 2. d4 d5 3. Nc3 Bb4 4. e5 c5 5. a3 Bxc3+ 6. bxc3 Ne7 7. Qg4 Qc7 8. Qxg7 Rg8 9. Qxh7 cxd4 10. Ne2 Nbc6 11. f4 dxc3 12. Qd3 Bd7 13. Nxc3 a6 14. Rb1 Rc8 15. Bd2 Na5 16. h4 Nf5 17. Rh3 Nc4 18. Rb3 b5 19. h5 Qc5 20. Ne2 d4 21. c3 Nxa3 22. cxd4 Nc2+ 23. Kf2 Ncxd4 24. Rc3 Qd5 25. Rxc8+ Bxc8 26. Nc3 Qb3 27. Ne4 Qxd3 28. Nf6+ Kf8 29. Bxd3 Rh8 30. g4 Ne7 31. Bb4 Bb7 32. Bc5 Ndc6 33. Be4 Na5 34. Rd3 Bxe4 35. Rd8+ Kg7 36. h6+ Rxh6 37. Bxe7 Rh2+ 38. Kg3 Rh8 39. Rxh8 Kxh8 40. Nxe4 Nc6 41. Bc5 a5 42. Kf3 b4 43. Ke3 a4 44. Kd3 1-0

[Event "UKR-ch sf U20"]
[Site "Lvov"]
[Date "2007.12.06"]
[Round "5"]
[White "Smolkin, Alexander"]
[Black "Podolsky, Anton"]
[Result "0-1"]
[WhiteElo "1904"]
[BlackElo "1995"]
[PlyCount "78"]
[EventDate "2007.12.02"]
[EventType "swiss"]
[EventRounds "9"]
[EventCountry "UKR"]
[SourceTitle "CBM 121 Extra"]
[Source "ChessBase"]
[SourceDate "2008.01.10"]
[SourceVersion "1"]
[SourceVersionDate "2008.01.10"]
[SourceQuality "1"]

1. e4 c5 2. c4 Nc6 3. Nc3 g6 4. g3 Bg7 5. Bg2 e6 6. Nge2 Nge7 7. 0-0 0-0 8. a3 d6 9. Rb1 a5 10. d3 Nd4 11. Nxd4 cxd4 12. Nb5 a4 13. b3 axb3 14. Qxb3 Nc6 15. f4 Kh8 16. Bd2 f5 17. Rbe1 e5 18. a4 fxe4 19. Bxe4 Bf5 20. Qa3 Bxe4 21. Rxe4 Rf6 22. Ra1 Qd7 23. Qc1 Raf8 24. Ra2 exf4 25. Rxf4 Ne5 26. Qf1 g5 27. Rxf6 Rxf6 28. Qg2 Qg4 29. Ra1 Nf3+ 30. Kh1 Rh6 31. Bb4 Rxh2+ 32. Qxh2 Nxh2 33. Kxh2 Qe2+ 34. Kg1 Be5 35. Be1 Qxd3 36. Ra3 Qd1 37. Kf2 d3 38. Ra2 Bxg3+ 39. Kxg3 Qxe1+ 0-1